000 00719nam a22002297a 4500
005 20170124110104.0
010 _aB-160942
020 _c395.00
_a8183240003
035 _aB-160942
037 _bCen Lib/Ret
040 _aDPL
_bEN
082 _a954.511
_bJOS
100 _aJoshi, H.G.
_927658
245 _aArunachal pradesh :
_cby H.G. Joshi
_bpast and present /
260 _bMittal Publications
_c2005
_aNew Delhi
270 _bNew Delhi
_aA-110, Mohan Garden
_e110059
300 _avii, 262p.
_c21cm(Hb)
500 _aIncludes bibliographical references and index
650 _aIndia
_zArunāchal Pradesh
_927659
650 _aSocial dynamics
_927660
942 _2ddc
_cEN
_h954.511
_mJOS
999 _c129875
_d129875